鉄道の通っている市町村(北海道) - Statistics

General Stats
  • This quiz has been taken 664 times
  • The average score is 29 of 100
Answers on the Grid
Answers color-coded by a green-red scale on the quiz's grid according to % correct below.
札幌市中央区
札幌市北区
札幌市東区
札幌市西区
札幌市南区
札幌市白石区
札幌市豊平区
札幌市厚別区
札幌市手稲区
札幌市清田区
函館市
小樽市
旭川市
室蘭市
釧路市
帯広市
北見市
夕張市
岩見沢市
網走市
留萌市
苫小牧市
稚内市
美唄市
芦別市
江別市
赤平市
紋別市
士別市
名寄市
三笠市
根室市
千歳市
滝川市
砂川市
歌志内市
深川市
富良野市
登別市
恵庭市
伊達市
北広島市
石狩市
北斗市
当別町
新篠津村
松前町
福島町
知内町
木古内町
七飯町
鹿部町
森町
八雲町
長万部町
江差町
上ノ国町
厚沢部町
乙部町
奥尻町
今金町
せたな町
島牧村
寿都町
黒松内町
蘭越町
ニセコ町
真狩村
留寿都村
喜茂別町
京極町
倶知安町
共和町
岩内町
泊村
神恵内村
積丹町
古平町
仁木町
余市町
赤井川村
南幌町
奈井江町
上砂川町
由仁町
長沼町
栗山町
月形町
浦臼町
新十津川町
妹背牛町
秩父別町
雨竜町
北竜町
沼田町
鷹栖町
東神楽町
当麻町
比布町
愛別町
上川町
東川町
美瑛町
上富良野町
中富良野町
南富良野町
占冠村
和寒町
剣淵町
下川町
美深町
音威子府村
中川町
幌加内町
増毛町
小平町
苫前町
羽幌町
初山別村
遠別町
天塩町
猿払村
浜頓別町
中頓別町
枝幸町
豊富町
礼文町
利尻町
利尻富士町
幌延町
美幌町
津別町
斜里町
清里町
小清水町
訓子府町
置戸町
佐呂間町
遠軽町
湧別町
滝上町
興部町
西興部村
雄武町
大空町
豊浦町
壮瞥町
白老町
厚真町
洞爺湖町
安平町
むかわ町
日高町
平取町
新冠町
浦河町
様似町
えりも町
新ひだか町
音更町
士幌町
上士幌町
鹿追町
新得町
清水町
芽室町
中札内村
更別村
大樹町
広尾町
幕別町
池田町
豊頃町
本別町
足寄町
陸別町
浦幌町
釧路町
厚岸町
浜中町
標茶町
弟子屈町
鶴居村
白糠町
別海町
中標津町
標津町
羅臼町
 
Answer Stats
Answer % Correct
札幌市中央区
77%
旭川市
73%
釧路市
70%
北見市
70%
函館市
69%
室蘭市
69%
小樽市
68%
帯広市
68%
岩見沢市
67%
網走市
67%
札幌市手稲区
65%
稚内市
63%
札幌市白石区
62%
苫小牧市
62%
札幌市北区
61%
札幌市厚別区
58%
夕張市
57%
札幌市東区
55%
札幌市西区
54%
千歳市
53%
札幌市南区
52%
江別市
52%
美唄市
50%
名寄市
50%
根室市
50%
滝川市
49%
富良野市
47%
札幌市豊平区
46%
深川市
46%
恵庭市
46%
北広島市
46%
砂川市
45%
登別市
45%
北斗市
44%
士別市
43%
伊達市
41%
芦別市
38%
森町
38%
木古内町
37%
赤平市
35%
八雲町
35%
長万部町
32%
当別町
31%
七飯町
31%
ニセコ町
28%
倶知安町
28%
余市町
27%
黒松内町
25%
蘭越町
24%
仁木町
21%
鹿部町
20%
沼田町
20%
奈井江町
19%
栗山町
18%
比布町
18%
上川町
18%
美瑛町
17%
上富良野町
17%
中富良野町
17%
由仁町
16%
妹背牛町
16%
秩父別町
16%
愛別町
14%
当麻町
13%
知内町
9%
共和町
9%
音威子府村
8%
福島町
7%
美深町
7%
豊富町
7%
幌延町
7%
厚岸町
7%
和寒町
6%
新得町
6%
清水町
6%
池田町
6%
浜中町
6%
美幌町
5%
斜里町
5%
白老町
5%
むかわ町
5%
釧路町
5%
標茶町
5%
白糠町
5%
剣淵町
4%
清里町
4%
遠軽町
4%
大空町
4%
豊浦町
4%
洞爺湖町
4%
芽室町
4%
幕別町
4%
弟子屈町
4%
中川町
3%
小清水町
3%
厚真町
3%
安平町
3%
豊頃町
3%
浦幌町
3%
鷹栖町
1%
No matching quizzes found
Score Distribution
Percent of People with Each Score
Percentile by Number Answered
Your Score History
You have not taken this quiz